Program pro výpočet průřezových charakteristik nejčastěji používaných průřezů dřevěných konstrukcí

Bibliographic Details
Main Author: Kasal, Bohumil (Author)
Format: Article
Language:Czech
PhysicalDescription:Tb. 3., lit. 2 zázn. v češ.
Subjects:

MARC

LEADER 00000nab a2200000 a 4500
001 vtls000199113
003 SK-MaSNL
005 20260302205018.0
008 140328c1984 xo 0 cze
015 |a SNBRB19rr/mm-uuuuu 
035 |a CL0209226 
040 |a SNKBUCL  |b slo  |c SNKBUCL  |e AACR2 
041 0 |a cze 
044 |a xo  |c SK 
080 |a 674.038.6  |2 1981 
080 |a 624.011.1  |2 1981 
080 |a 674.03  |2 1981 
080 |a 681.3  |2 1981 
080 |a 519.68  |2 1981 
100 1 |a Kasal, Bohumil  |4 aut  |9 929685 
245 1 0 |a Program pro výpočet průřezových charakteristik nejčastěji používaných průřezů dřevěných konstrukcí  |c Bohumil Kasal 
300 |b Tb. 3., lit. 2 zázn. v češ. 
650 0 7 |a drevené konštrukcie  |2 snkbucl  |9 3694 
650 0 7 |a prírezy  |2 snkbucl  |9 930272 
655 7 |a články z novín a časopisov  |2 snkbucl  |9 267496 
773 0 |t Drevo  |g Roč. 39, č. 10 (1984), s. 291-295 
850 |a Slovenská národná knižnica v Martine  |a MTA001 
852 |a SNK  |b KIS3GCP 
958 |a RK 
992 |a RBX 
999 |c 1475987  |d 1477917